Subdivision capitals closest to Szolnok (HU) - Statistics

General Stats
  • This quiz has been taken 14 times
  • The average score is 13 of 20
Answer Stats
Distance (km) Answer % Correct
4 94 Budapest
100%
8 115 Debrecen
100%
19 177 Timișoara
89%
12 141 Arad
78%
3 88 Békéscsaba
78%
7 112 Miskolc
78%
14 144 Nyíregyháza
78%
5 103 Szeged
78%
2 82 Eger
67%
1 48 Kecskemét
67%
20 189 Košice
67%
10 132 Oradea
67%
9 126 Subotica
67%
11 135 Székesfehérvár
67%
15 146 Szekszárd
67%
6 107 Salgótarján
56%
17 173 Veszprém
44%
16 151 Kikinda
33%
13 143 Tatabánya
33%
18 176 Sombor
22%
No matching quizzes found
Score Distribution
Percent of People with Each Score
Percentile by Number Answered
Your Score History
You have not taken this quiz